LEADER 01361nam a2200325 i 4500 001 000000113092 003 CaOOAMICUS 005 20230313171326.0 008 050215s2004 it u000 u mul u 020 $a88-04-51347-0 040 $aSeMil$bita 245 03$aLe parole dimenticate di Gesù /$ca cura di Mauro Pesce. 250 $a3. ed. 264 1$a[Milano] :$bFondazione Lorenzo Valla :$bArnoldo Mondadori,$c2000. 300 $aXLVIII, 814 p. ;$c21 cm. 490 1 $aScrittori greci e latini 541 1 $aOmaggio card. Dionigi Tettamanzi (1ZA A 56) 546 $aTesto greco a fronte 650 4$aBibbia - Apocrifi NT - Gesù Cristo.$0(OLS)http://semarc/subject/40059 650 4$aGesù Cristo - Storicità.$0(OLS)http://semarc/subject/4538 700 1 $aPesce, Mauro,$d<1941- >.$0(OLS)http://semarc/name/15916 830 0$aScrittori greci e latini.$0(OLS)http://semarc/title/137 850 $aSeMil 852 $aSeMil$W1$xVenegono$y1$m1ZA A 56$j238452$B68807$CSeMilBibl$Z2$F93940 $81 941 1 $a5 961 $aOmaggio: Tettamanzi Card. Dionigi 996 $6020$a88-04-51347-0$9(OLS)http://semarc/number/95923 996 $6245$aLe parole dimenticate di Gesù$9(OLS)http://semarc/title/165046 996 $6264$a[Milano] :$bFondazione Lorenzo Valla :$bArnoldo Mondadori$9(OLS)http://semarc/publisher/30147 LEADER 01526nam a2200277 i 4500 001 000000224271 003 CaOOAMICUS 005 20131029000000.0 008 131029s1961 it u000 u fre u 013 $a203169 040 $aSeMil$bita 100 1 $aCoppens, Joseph,$d<1896-1981>.$0(OLS)http://semarc/name/921 245 13$aLe Fils de l'homme et les Saints du Très-Haut en Daniel, 7., dans les Apocryphes et dans le Nouveau Testament /$cpar Joseph Coppens et Luc Dequeker. 250 $a2. édition augmentée. 260 $aBruges ; Paris :$bDesclée de Brouwer,$c1961. 260 $aLouvain :$bPublications Universitaires de Louvain,$c1961. 300 $a108 p. ;$c26 cm. 490 0 $aAnalecta Lovaniensia biblica et orientalia ;$vSer. 3 Fasc.23 650 4$aBibbia. Antico Testamento. Daniele - Commentari, studi, critica, interpretazioni.$0(OLS)http://semarc/subject/2498 700 1 $aDequeker, Luc.$0(OLS)http://semarc/name/78094 830 0$aAnalecta Lovaniensia biblica et orientalia ;$vSer. 3 Fasc.23.$0(OLS)http://semarc/title/39350 850 $aSeMil 852 $aSeMil$W1$xVenegono$y1$m2V III 167$j174617$B174617$CSeMilBibl$Z2$F184695 $81 996 $6245$aLe Fils de l'homme et les Saints du Très-Haut en Daniel, 7., dans les Apocryphes et dans le Nouveau Testament$9(OLS)http://semarc/title/321375 996 $6260$aLouvain :$bPublications Universitaires de Louvain$9(OLS)http://semarc/publisher/33199 996 $6260$aBruges ; Paris :$bDesclée de Brouwer$9(OLS)http://semarc/publisher/37950